Analýza kovalentne naviazaných oligosacharidov - N-glykánov na transferíne.

Uložené v:
Podrobná bibliografia
Hlavný autor: Juríčková, Nikola (Autor)
Ďalší autori: Benická, Eva (Vedúci práce)
Médium: Rukopis Kniha
Jazyk:Slovak
Vydavateľské údaje: 2015
Predmet:
On-line prístup:http://is.stuba.sk/zp/portal_zp.pl?podrobnosti=101681
Tagy: Pridať tag
Žiadne tagy, Buďte prvý, kto otaguje tento záznam!

MARC

LEADER 00000ntm a22000003a 4500
001 stuzp52602
003 SK-STU
005 20160719154225.9
007 ta
008 150427s2015----xo-----f-mn---000-0-slo-d
040 |a STU  |b slo 
041 0 |a slo 
100 1 |a Juríčková, Nikola  |u 041180  |4 aut  |U FCHPT Ústav analytickej chémie  |T FCHPT Oddelenie analytickej chémie  |X 61108  |U C1180  |Y 108  |7 61108 
242 0 1 |a The analysis of covalently bonded oligosaccharides- N- glycans on transferrin  |y eng 
245 1 0 |a Analýza kovalentne naviazaných oligosacharidov - N-glykánov na transferíne. 
260 |c 2015 
650 4 |a Kongenitálne poruchy glykozylácie (CDG)  |2 slo 
650 4 |a glykozylácia  |2 slo 
650 4 |a transferín (TF)  |2 slo 
650 4 |a vysokoúčinná kvapalinová chromatografia (HPLC)  |2 slo 
650 4 |a glycosylation  |2 eng 
650 4 |a Congenital Disorders of Glycosylation (CDG)  |2 eng 
650 4 |a transferrin (TF)  |2 eng 
650 4 |a high performance liquid chromatography (HPLC)  |2 eng 
700 1 |a Benická, Eva  |4 ths  |X 3371  |7 A000003371 
856 4 |u http://is.stuba.sk/zp/portal_zp.pl?podrobnosti=101681 
SQL |a stuzp52602  |b DBP  |c SLO  |d Analýza kovalentne naviazaných oligosacharidov - N-glykánov na transferíne.  |e 61108  |f Juríčková, Nikola  |g 041180  |h 3371  |i Benická, Eva  |j 20150713  |k 753  |l 04  |m http://is.stuba.sk/zp/portal_zp.pl?podrobnosti=101681  |n B-CHEMAT  |o 4.1.14. chémia, 5.2.18. chemické technológie